000 00656cam a22002291 4500
001 6033340
005 20180301043123.0
008 720321s1954 ctuab b 000 0 eng
010 _a 52009268
015 _aGB55-6632
035 _a(OCoLC)268428
040 _aDLC
_cODaWU
_dOCoLC
_dUk
_dDLC
041 1 _aengger
080 _a338
082 _a338 LOS
100 1 _a53
101 _aMNG
245 1 4 _aThe economics of location.
_cTranslated from the 2d rev. ed. by William H. Woglom with the assistance of Wolfgang F. Stolper.
504 _aBibliographical footnotes.
906 _a7
_bcbc
_coclcrpl
_du
_encip
_f19
_gy-gencatlg
942 _2ddc
_cBK
999 _c43794
_d43794